000 01200nam a2200337 i 4500
003 EG-GICUC
005 20260208173648.0
008 260208s1977 fr ||fr|||| 000 0 fre d
020 _a2247006086
040 _aEG-GiCUC
_bfre
_cEG-GiCUC
_dEG-GiCUC
_eRda
041 0 _afre
082 0 4 _221
_a341.84
_bHA . C
092 0 4 _221
099 _aLaw1 12 341.84 HA . C 1977
100 1 _aHage-chahine, Fayez
_eAuteur
245 1 4 _aLes Conflits Dans L'espace Et Dans Le Temps En Matière De Prescription :
_bRecherches Sur La Promotion Du Fait Au Droit /
_cPar Fayez Hage-chahine; Préface De Henri Batiffol.
264 1 _aParis :
_bDalloz,
_c1977.
300 _a361 page,
_c24 cm.
336 _2rda contenu
_a texte
337 _2rda medias
_aOrdinateur
338 _2 transporteur rda
_a Ressource en ligne
490 _aBibliothèque De Droit International Privé
_vVolume Xxi
504 _aComprend des références bibliographiques.
546 _aTexte en français
650 1 4 _aDroit international privé
_2
651 1 _2
700 1 _aBatiffol, Henri
_ePréfacier
856 4 0 _uhttps://fll.law.cu.edu.eg/fulltext/bks/B12-01856.pdf
905 _a48
942 _2ddc
_cBK
_e21
_n0
999 _c61698
_d61698